[Event "GRE-ch U16"]
[Site "Peristeri"]
[Date "2024.06.27"]
[Round "8"]
[White "Tsamtsouris, Efthymios"]
[Black "Agiakatsikas, Konstantinos"]
[Result "1-0"]
[WhiteElo "1817"]
[BlackElo "1534"]
[PlyCount "113"]
[EventDate "2024.06.22"]
[EventType "swiss"]
[EventRounds "9"]
[EventCountry "GRE"]
[SourceTitle "EXT 2025"]
[Source "ChessBase"]
[SourceDate "2024.10.14"]
[SourceVersion "1"]
[SourceVersionDate "2024.10.14"]
[SourceQuality "1"]

1. d4 d5 2. c4 e6 3. Nc3 c5 4. cxd5 cxd4 5. Qa4+ Bd7 6. Qxd4 exd5 7. Qxd5 Nf6 8. Qd1 Bb4 9. Bd2 0-0 10. Nf3 Re8 11. e3 Nc6 12. Be2 Bf5 13. 0-0 Qe7 14. a3 Ba5 15. b4 Bb6 16. Na4 Rad8 17. Nxb6 axb6 18. Qb3 Ne4 19. Bc3 Be6 20. Qb2 Bg4 21. Rad1 Nxc3 22. Qxc3 Rxd1 23. Rxd1 Rc8 24. Kf1 Qe6 25. Qd3 Bf5 26. Qd5 Qf6 27. Nd4 Rd8 28. Qxf5 Rxd4 29. Qxf6 Rxd1+ 30. Bxd1 gxf6 31. Bf3 Kf8 32. Bxc6 bxc6 33. Ke2 Ke7 34. Kd3 Kd6 35. Kd4 f5 36. a4 h5 37. h4 f6 38. a5 Kc7 39. f3 Kb7 40. e4 f4 41. axb6 Kxb6 42. Kc4 Kb7 43. Kc5 Kc7 44. b5 cxb5 45. Kxb5 Kd7 46. Kc5 Ke6 47. Kc6 Ke5 48. Kd7 f5 49. exf5 Kxf5 50. Ke7 Ke5 51. Kf7 Kf5 52. Kg7 Ke5 53. Kh6 Kf6 54. Kxh5 Kf5 55. Kh6 Kf6 56. h5 Kf7 57. Kg5 1-0

[Event "GRE-ch U16"]
[Site "Peristeri"]
[Date "2024.06.26"]
[Round "7"]
[White "Giannoulis, Grigorios"]
[Black "Tsamtsouris, Efthymios"]
[Result "1-0"]
[WhiteElo "1905"]
[BlackElo "1817"]
[PlyCount "45"]
[EventDate "2024.06.22"]
[EventType "swiss"]
[EventRounds "9"]
[EventCountry "GRE"]
[SourceTitle "EXT 2025"]
[Source "ChessBase"]
[SourceDate "2024.10.14"]
[SourceVersion "1"]
[SourceVersionDate "2024.10.14"]
[SourceQuality "1"]

1. e4 d6 2. d4 Nf6 3. Nc3 g6 4. Be3 a6 5. h3 Nbd7 6. Nf3 e5 7. dxe5 Nxe5 8. Nxe5 dxe5 9. Qf3 Be6 10. Qg3 Bd6 11. 0-0-0 Qe7 12. Bg5 h6 13. Qh4 Ba3 14. Bxf6 Bxb2+ 15. Kxb2 Qb4+ 16. Kc1 Qxc3 17. Bxh8 Qa3+ 18. Kd2 Qb4+ 19. Ke3 f5 20. Bd3 Qd4+ 21. Ke2 Bc4 22. Qf6 Qxe4+ 23. Kf1 1-0

[Event "GRE-ch U16"]
[Site "Peristeri"]
[Date "2024.06.24"]
[Round "4"]
[White "Tsamtsouris, Efthymios"]
[Black "Chalkias, Michail Panagiotis"]
[Result "0-1"]
[WhiteElo "1817"]
[BlackElo "1706"]
[PlyCount "84"]
[EventDate "2024.06.22"]
[EventType "swiss"]
[EventRounds "9"]
[EventCountry "GRE"]
[SourceTitle "EXT 2025"]
[Source "ChessBase"]
[SourceDate "2024.10.14"]
[SourceVersion "1"]
[SourceVersionDate "2024.10.14"]
[SourceQuality "1"]

1. d4 Nf6 2. c4 g6 3. Nc3 Bg7 4. e4 d6 5. Nge2 0-0 6. Ng3 c5 7. d5 a6 8. a4 Ng4 9. Be2 Ne5 10. f4 Ned7 11. 0-0 h5 12. Bxh5 gxh5 13. Nxh5 Bd4+ 14. Kh1 f5 15. exf5 Nf6 16. Nxf6+ Rxf6 17. Qg4+ Kf8 18. Ne2 Bxf5 19. Qh5 Qe8 20. Qh8+ Kf7 21. Qh4 Nd7 22. Nxd4 cxd4 23. g4 Be4+ 24. Kg1 Qh8 25. Qe1 Nc5 26. b4 Qh3 27. Qg3 Qxg3+ 28. hxg3 Nd3 29. Rd1 Rh6 30. Rxd3 Rh1+ 31. Kf2 Bxd3 32. c5 Rah8 33. Bb2 Rxa1 34. Bxa1 dxc5 35. bxc5 Rd8 36. Bxd4 Rxd5 37. Ke3 Bc2 38. a5 Bd1 39. g5 e6 40. Ke4 Bc2+ 41. Ke3 Kg6 42. Be5 Rxc5 0-1

[Event "GRE-ch U16"]
[Site "Peristeri"]
[Date "2024.06.22"]
[Round "1"]
[White "Maragkozidis, Anastasios Ioannis"]
[Black "Tsamtsouris, Efthymios"]
[Result "0-1"]
[WhiteElo "1494"]
[BlackElo "1817"]
[PlyCount "60"]
[EventDate "2024.06.22"]
[EventType "swiss"]
[EventRounds "9"]
[EventCountry "GRE"]
[SourceTitle "EXT 2025"]
[Source "ChessBase"]
[SourceDate "2024.10.14"]
[SourceVersion "1"]
[SourceVersionDate "2024.10.14"]
[SourceQuality "1"]

1. d4 d6 2. Nf3 Nf6 3. c4 g6 4. g3 Bg7 5. Bg2 0-0 6. 0-0 Nc6 7. Nc3 h6 8. b3 e5 9. e3 Re8 10. Bb2 Bg4 11. h3 exd4 12. exd4 Bd7 13. Re1 a6 14. a3 Rxe1+ 15. Qxe1 Qe7 16. Qd2 Re8 17. Re1 Qd8 18. Rxe8+ Qxe8 19. Ne1 Nxd4 20. Bxb7 Nxb3 21. Qd1 Nc5 22. Bg2 Nh5 23. Nd3 Nxd3 24. Qxd3 Qe1+ 25. Kh2 Qxf2 26. Bc1 Nxg3 27. Ne4 Nxe4 28. Qxe4 Be5+ 29. Kh1 Bc6 30. Qe3 Bxg2# 0-1